01013nam a22002057a 4500003000900000008004100009040007100050082004500121110005500166245006800221260004200289300002800331440005900359505024200418650002300660650002600683650003000709650001300739710005500752AR-CdUCM190425b ||||| |||| 00| 0 spa d aMUNICIPALIDAD PROVINCIAL DEL CUSCOcBIBLIOTECA MUNICIPAL DEL CUSCO aRev.Univ/N°14/1915bRev.Univ/N°14/1915 aUniversidad Nacional de San Antonio Abad del Cusco aRevista Universitaria :bÓrgano de la Universidad del Cuzco / aCusco :bEl Trabajo,cdiciembre 1915. a45 páginas. :c20 cm. aRevista UniversitarianAño IV, diciembre 1915, N°14 aContenido: Estudios geográficos en el departamento (conclusión). Fortunato L. Herrera. --El Cuzco como uno de los centros industriales de la Sierra del Perú. Alberto A. Giesecke. -- Anexo de la memoria de 1915. Alberto A. Giesecke. aHistoria del Cusco aGeografía del Cusco aIndustrialización Cusco aSiglo XX aUniversidad Nacional de San Antonio Abad del Cusco